<?xml version="1.0" encoding="UTF-8"?>
<record
    xmlns:xsi="http://www.w3.org/2001/XMLSchema-instance"
    xsi:schemaLocation="http://www.loc.gov/MARC21/slim http://www.loc.gov/standards/marcxml/schema/MARC21slim.xsd"
    xmlns="http://www.loc.gov/MARC21/slim">

  <leader>00637nam a22002057a 4500</leader>
  <controlfield tag="005">20211005114949.0</controlfield>
  <controlfield tag="008">211005b           ||||| |||| 00| 0 eng d</controlfield>
  <datafield tag="020" ind1=" " ind2=" ">
    <subfield code="a">9788191069099</subfield>
  </datafield>
  <datafield tag="040" ind1=" " ind2=" ">
    <subfield code="a">IN-DiNC</subfield>
    <subfield code="c">IN-DiNC</subfield>
  </datafield>
  <datafield tag="041" ind1=" " ind2=" ">
    <subfield code="d">asm</subfield>
  </datafield>
  <datafield tag="082" ind1=" " ind2=" ">
    <subfield code="a">330.954</subfield>
    <subfield code="b">CHA</subfield>
  </datafield>
  <datafield tag="100" ind1=" " ind2=" ">
    <subfield code="a">Chaudhury, Rabindra Kumar</subfield>
    <subfield code="e">author</subfield>
  </datafield>
  <datafield tag="245" ind1=" " ind2=" ">
    <subfield code="a">Bharatar arthanitik bikash (class XII)/</subfield>
    <subfield code="c">by Rabindra Kumar Chaudhury and Susmita Priyadarshini</subfield>
  </datafield>
  <datafield tag="250" ind1=" " ind2=" ">
    <subfield code="a">22th ed.</subfield>
  </datafield>
  <datafield tag="260" ind1=" " ind2=" ">
    <subfield code="a">Guwahati:</subfield>
    <subfield code="b">Arun prakashan,</subfield>
    <subfield code="c">2021</subfield>
  </datafield>
  <datafield tag="300" ind1=" " ind2=" ">
    <subfield code="a">ix, 214p.</subfield>
  </datafield>
  <datafield tag="650" ind1=" " ind2=" ">
    <subfield code="a">Indian economic development (class XII)</subfield>
  </datafield>
  <datafield tag="700" ind1=" " ind2=" ">
    <subfield code="a">Priyadarshini, Susmita</subfield>
    <subfield code="e">author</subfield>
  </datafield>
  <datafield tag="942" ind1=" " ind2=" ">
    <subfield code="2">ddc</subfield>
    <subfield code="c">BK</subfield>
  </datafield>
  <datafield tag="999" ind1=" " ind2=" ">
    <subfield code="c">11196</subfield>
    <subfield code="d">11196</subfield>
  </datafield>
  <datafield tag="952" ind1=" " ind2=" ">
    <subfield code="0">0</subfield>
    <subfield code="1">0</subfield>
    <subfield code="2">ddc</subfield>
    <subfield code="4">0</subfield>
    <subfield code="7">0</subfield>
    <subfield code="8">ECO</subfield>
    <subfield code="a">MAIN</subfield>
    <subfield code="b">MAIN</subfield>
    <subfield code="c">GEN</subfield>
    <subfield code="d">2021-10-05</subfield>
    <subfield code="g">220.00</subfield>
    <subfield code="l">15</subfield>
    <subfield code="o">330.954 CHA</subfield>
    <subfield code="p">28629</subfield>
    <subfield code="r">2024-12-23 06:22:34</subfield>
    <subfield code="s">2024-12-06</subfield>
    <subfield code="t">1</subfield>
    <subfield code="w">2021-10-05</subfield>
    <subfield code="y">BK</subfield>
  </datafield>
  <datafield tag="952" ind1=" " ind2=" ">
    <subfield code="0">0</subfield>
    <subfield code="1">0</subfield>
    <subfield code="2">ddc</subfield>
    <subfield code="4">0</subfield>
    <subfield code="7">0</subfield>
    <subfield code="8">ECO</subfield>
    <subfield code="a">MAIN</subfield>
    <subfield code="b">MAIN</subfield>
    <subfield code="c">GEN</subfield>
    <subfield code="d">2021-10-05</subfield>
    <subfield code="g">220.00</subfield>
    <subfield code="l">4</subfield>
    <subfield code="o">330.954 CHA</subfield>
    <subfield code="p">28630</subfield>
    <subfield code="r">2025-10-23 11:38:01</subfield>
    <subfield code="s">2025-10-10</subfield>
    <subfield code="t">2</subfield>
    <subfield code="w">2021-10-05</subfield>
    <subfield code="y">BK</subfield>
  </datafield>
  <datafield tag="952" ind1=" " ind2=" ">
    <subfield code="0">0</subfield>
    <subfield code="1">0</subfield>
    <subfield code="2">ddc</subfield>
    <subfield code="4">0</subfield>
    <subfield code="7">0</subfield>
    <subfield code="8">ECO</subfield>
    <subfield code="a">MAIN</subfield>
    <subfield code="b">MAIN</subfield>
    <subfield code="c">GEN</subfield>
    <subfield code="d">2021-10-05</subfield>
    <subfield code="g">220.00</subfield>
    <subfield code="l">15</subfield>
    <subfield code="o">330.954 CHA</subfield>
    <subfield code="p">28631</subfield>
    <subfield code="r">2025-01-25 06:34:43</subfield>
    <subfield code="s">2024-09-07</subfield>
    <subfield code="t">3</subfield>
    <subfield code="w">2021-10-05</subfield>
    <subfield code="y">BK</subfield>
  </datafield>
  <datafield tag="952" ind1=" " ind2=" ">
    <subfield code="0">0</subfield>
    <subfield code="1">0</subfield>
    <subfield code="2">ddc</subfield>
    <subfield code="4">0</subfield>
    <subfield code="7">0</subfield>
    <subfield code="8">ECO</subfield>
    <subfield code="a">MAIN</subfield>
    <subfield code="b">MAIN</subfield>
    <subfield code="c">GEN</subfield>
    <subfield code="d">2021-10-05</subfield>
    <subfield code="g">220.00</subfield>
    <subfield code="l">7</subfield>
    <subfield code="o">330.954 CHA</subfield>
    <subfield code="p">28632</subfield>
    <subfield code="r">2025-03-20 05:00:17</subfield>
    <subfield code="s">2024-11-12</subfield>
    <subfield code="t">4</subfield>
    <subfield code="w">2021-10-05</subfield>
    <subfield code="y">BK</subfield>
  </datafield>
  <datafield tag="952" ind1=" " ind2=" ">
    <subfield code="0">0</subfield>
    <subfield code="1">0</subfield>
    <subfield code="2">ddc</subfield>
    <subfield code="4">0</subfield>
    <subfield code="7">0</subfield>
    <subfield code="8">ECO</subfield>
    <subfield code="a">MAIN</subfield>
    <subfield code="b">MAIN</subfield>
    <subfield code="c">GEN</subfield>
    <subfield code="d">2021-10-05</subfield>
    <subfield code="g">220.00</subfield>
    <subfield code="l">12</subfield>
    <subfield code="o">330.954 CHA</subfield>
    <subfield code="p">28633</subfield>
    <subfield code="r">2025-03-21 08:09:58</subfield>
    <subfield code="s">2025-01-21</subfield>
    <subfield code="t">5</subfield>
    <subfield code="w">2021-10-05</subfield>
    <subfield code="y">BK</subfield>
  </datafield>
  <datafield tag="952" ind1=" " ind2=" ">
    <subfield code="0">0</subfield>
    <subfield code="1">0</subfield>
    <subfield code="2">ddc</subfield>
    <subfield code="4">0</subfield>
    <subfield code="7">0</subfield>
    <subfield code="8">ECO</subfield>
    <subfield code="a">MAIN</subfield>
    <subfield code="b">MAIN</subfield>
    <subfield code="c">GEN</subfield>
    <subfield code="d">2021-10-05</subfield>
    <subfield code="g">220.00</subfield>
    <subfield code="l">9</subfield>
    <subfield code="o">330.954 CHA</subfield>
    <subfield code="p">28634</subfield>
    <subfield code="q">2024-05-25</subfield>
    <subfield code="r">2024-05-07 04:35:55</subfield>
    <subfield code="s">2024-05-07</subfield>
    <subfield code="t">6</subfield>
    <subfield code="w">2021-10-05</subfield>
    <subfield code="y">BK</subfield>
  </datafield>
  <datafield tag="952" ind1=" " ind2=" ">
    <subfield code="0">0</subfield>
    <subfield code="1">0</subfield>
    <subfield code="2">ddc</subfield>
    <subfield code="4">0</subfield>
    <subfield code="7">0</subfield>
    <subfield code="8">ECO</subfield>
    <subfield code="a">MAIN</subfield>
    <subfield code="b">MAIN</subfield>
    <subfield code="c">GEN</subfield>
    <subfield code="d">2021-10-05</subfield>
    <subfield code="g">220.00</subfield>
    <subfield code="l">3</subfield>
    <subfield code="o">330.954 CHA</subfield>
    <subfield code="p">28635</subfield>
    <subfield code="q">2022-09-28</subfield>
    <subfield code="r">2022-09-13 00:00:00</subfield>
    <subfield code="s">2022-09-13</subfield>
    <subfield code="t">7</subfield>
    <subfield code="w">2021-10-05</subfield>
    <subfield code="y">BK</subfield>
  </datafield>
  <datafield tag="952" ind1=" " ind2=" ">
    <subfield code="0">0</subfield>
    <subfield code="1">0</subfield>
    <subfield code="2">ddc</subfield>
    <subfield code="4">0</subfield>
    <subfield code="7">0</subfield>
    <subfield code="8">ECO</subfield>
    <subfield code="a">MAIN</subfield>
    <subfield code="b">MAIN</subfield>
    <subfield code="c">GEN</subfield>
    <subfield code="d">2021-10-05</subfield>
    <subfield code="g">220.00</subfield>
    <subfield code="l">14</subfield>
    <subfield code="o">330.954 CHA</subfield>
    <subfield code="p">28636</subfield>
    <subfield code="r">2024-11-26 04:10:30</subfield>
    <subfield code="s">2024-10-19</subfield>
    <subfield code="t">8</subfield>
    <subfield code="w">2021-10-05</subfield>
    <subfield code="y">BK</subfield>
  </datafield>
  <datafield tag="952" ind1=" " ind2=" ">
    <subfield code="0">0</subfield>
    <subfield code="1">0</subfield>
    <subfield code="2">ddc</subfield>
    <subfield code="4">0</subfield>
    <subfield code="7">0</subfield>
    <subfield code="8">ECO</subfield>
    <subfield code="a">MAIN</subfield>
    <subfield code="b">MAIN</subfield>
    <subfield code="c">GEN</subfield>
    <subfield code="d">2021-10-05</subfield>
    <subfield code="g">220.00</subfield>
    <subfield code="l">8</subfield>
    <subfield code="o">330.954 CHA</subfield>
    <subfield code="p">28637</subfield>
    <subfield code="r">2025-01-25 04:13:21</subfield>
    <subfield code="s">2024-11-18</subfield>
    <subfield code="t">9</subfield>
    <subfield code="w">2021-10-05</subfield>
    <subfield code="y">BK</subfield>
  </datafield>
  <datafield tag="952" ind1=" " ind2=" ">
    <subfield code="0">0</subfield>
    <subfield code="1">0</subfield>
    <subfield code="2">ddc</subfield>
    <subfield code="4">0</subfield>
    <subfield code="7">0</subfield>
    <subfield code="8">ECO</subfield>
    <subfield code="a">MAIN</subfield>
    <subfield code="b">MAIN</subfield>
    <subfield code="c">GEN</subfield>
    <subfield code="d">2021-10-05</subfield>
    <subfield code="g">220.00</subfield>
    <subfield code="l">18</subfield>
    <subfield code="o">330.954 CHA</subfield>
    <subfield code="p">28638</subfield>
    <subfield code="r">2024-12-03 05:55:29</subfield>
    <subfield code="s">2024-11-30</subfield>
    <subfield code="t">10</subfield>
    <subfield code="w">2021-10-05</subfield>
    <subfield code="y">BK</subfield>
  </datafield>
  <datafield tag="952" ind1=" " ind2=" ">
    <subfield code="0">0</subfield>
    <subfield code="1">0</subfield>
    <subfield code="2">ddc</subfield>
    <subfield code="4">0</subfield>
    <subfield code="7">0</subfield>
    <subfield code="8">ECO</subfield>
    <subfield code="a">MAIN</subfield>
    <subfield code="b">MAIN</subfield>
    <subfield code="c">GEN</subfield>
    <subfield code="d">2021-10-05</subfield>
    <subfield code="g">220.00</subfield>
    <subfield code="l">16</subfield>
    <subfield code="o">330.954 CHA</subfield>
    <subfield code="p">28639</subfield>
    <subfield code="r">2025-06-02 06:36:17</subfield>
    <subfield code="s">2025-05-08</subfield>
    <subfield code="t">11</subfield>
    <subfield code="w">2021-10-05</subfield>
    <subfield code="y">BK</subfield>
  </datafield>
  <datafield tag="952" ind1=" " ind2=" ">
    <subfield code="0">0</subfield>
    <subfield code="1">0</subfield>
    <subfield code="2">ddc</subfield>
    <subfield code="4">0</subfield>
    <subfield code="7">0</subfield>
    <subfield code="8">ECO</subfield>
    <subfield code="a">MAIN</subfield>
    <subfield code="b">MAIN</subfield>
    <subfield code="c">GEN</subfield>
    <subfield code="d">2021-10-05</subfield>
    <subfield code="g">220.00</subfield>
    <subfield code="l">16</subfield>
    <subfield code="o">330.954 CHA</subfield>
    <subfield code="p">28640</subfield>
    <subfield code="r">2025-01-21 03:57:44</subfield>
    <subfield code="s">2024-10-30</subfield>
    <subfield code="t">12</subfield>
    <subfield code="w">2021-10-05</subfield>
    <subfield code="y">BK</subfield>
  </datafield>
</record>
